Физическая и коллоидная химия: учебное пособие

Bibliographic Details
Main Author: Кругляков П. М. Петр Максимович
Other Authors: Хаскова Т. Н. Татьяна Николаевна
Summary:В учебном пособии изложены основы физической и коллоидной химии. Рассмотрены вопросы химической термодинамики, фазовых равновесий; растворы, электрохимические процессы и химическая кинетика. Изложены общие понятия и законы коллоидной химии. Рассмотрены поверхностные явления, дана классификация дисперсных систем по агрегатному состоянию и дисперсности, методы их получения, теория устойчивости и молекулярно-кинетические, оптические и реологические свойства. Для студентов вузов нехимического, в основном строительного, профиля. Может быть полезно также аспирантам и инженерно-техническим работникам многих смежных отраслей.
Language:Russian
Published: Москва, Высшая школа, 2010
Edition:3-е изд., испр.
Subjects:
Format: MixedMaterials Book
KOHA link:https://koha.lib.tpu.ru/cgi-bin/koha/opac-detail.pl?biblionumber=191259

MARC

LEADER 00000nam0a2200000 4500
001 191259
005 20231101224335.0
010 |a 9785060062274 
035 |a (RuTPU)RU\TPU\book\208528 
035 |a RU\TPU\book\140935 
090 |a 191259 
100 |a 20060712d2010 m y0rusy50 ca 
101 0 |a rus 
102 |a RU 
105 |a a j 001zy 
200 1 |a Физическая и коллоидная химия  |e учебное пособие  |f П. М. Кругляков, Т. Н. Хаскова 
205 |a 3-е изд., испр. 
210 |a Москва  |c Высшая школа  |d 2010 
215 |a 319 с.  |c ил. 
320 |a Библиогр.: с. 319. 
330 |a В учебном пособии изложены основы физической и коллоидной химии. Рассмотрены вопросы химической термодинамики, фазовых равновесий; растворы, электрохимические процессы и химическая кинетика. Изложены общие понятия и законы коллоидной химии. Рассмотрены поверхностные явления, дана классификация дисперсных систем по агрегатному состоянию и дисперсности, методы их получения, теория устойчивости и молекулярно-кинетические, оптические и реологические свойства. Для студентов вузов нехимического, в основном строительного, профиля. Может быть полезно также аспирантам и инженерно-техническим работникам многих смежных отраслей. 
451 1 |0 (RuTPU)RU\TPU\book\140935  |y 978-5-06-004404-1  |t Физическая и коллоидная химия  |o учебное пособие  |f П. М. Кругляков, Т. Н. Хаскова  |e 2-е изд., испр.  |c М.  |n Высшая школа  |d 2007  |p 319 с.  |a Кругляков, Петр Максимович 
606 1 |a Физическая химия  |2 stltpush  |3 (RuTPU)RU\TPU\subj\67669  |9 83390 
606 1 |a Коллоидная химия  |2 stltpush  |3 (RuTPU)RU\TPU\subj\68635  |9 83831 
610 1 |a химическая термодинамика 
610 1 |a второе начало термодинамики 
610 1 |a третье начало термодинамики 
610 1 |a химическое равновесие 
610 1 |a фазовое равновесие 
610 1 |a неэлектролиты 
610 1 |a растворы 
610 1 |a электрохимические процессы 
610 1 |a электрохимическая коррозия 
610 1 |a химические реакции 
610 1 |a кинетика 
610 1 |a поверхностные явления 
610 1 |a адсорбция 
610 1 |a дисперсные системы 
610 1 |a микрогетерогенные системы 
610 1 |a пены 
610 1 |a эмульсии 
610 1 |a суспензии 
610 1 |a высокомолекулярные соединения 
610 1 |a аэрозоли 
610 1 |a учебные пособия 
675 |a 544(075.8)  |v 3 
675 |a 544.7(075.8)  |v 3 
700 1 |a Кругляков  |b П. М.  |g Петр Максимович 
701 1 |a Хаскова  |b Т. Н.  |g Татьяна Николаевна 
801 1 |a RU  |b 63413507  |c 20110203 
801 2 |a RU  |b 63413507  |c 20160802  |g RCR 
900 |a Физическая и коллоидная химия 
942 |c BK 
951 |b 270800 
959 |a 19/20110203  |d 2  |e 584,10  |f УФ:1  |f ЧЗТЛ:1